15 Least Visited Countries - Statistics

General Stats
  • This quiz has been taken 90 times
  • The average score is 8 of 15
Answer Stats
Amount of Tourist/Year Country % Correct
200 Nauru
84%
1,200 Tuvalu
80%
5,000 Marshall Islands
73%
26,000 Micronesia
71%
4,700 Kiribati
70%
23,000 Solomon Islands
63%
15,000 Comoros
55%
8,000 São Tomé
55%
17,500 Afghanistan
47%
500 Somalia
43%
7,000 Turkmenistan
35%
6,000 Equatorial Guinea
33%
30,000 Guinea-Bissau
31%
34,000 Libya
23%
29,000 Mauritania
19%
No matching quizzes found
Score Distribution
Percent of People with Each Score
Percentile by Number Answered
Your Score History
You have not taken this quiz